Estatísticas para Países com Mais Patrimônios Mundiais da UNESCO

Clique aqui para jogar o quiz

Estatísticas Gerais

  • Esse quiz foi jogado 5 400 vezes
  • A pontuação média é 20 de 25

Estatísticas das Respostas

#País% Correto
23Brasil
99%
24Estados Unidos
98%
56China
96%
49França
94%
30Rússia
94%
49Espanha
91%
25Japão
91%
35México
91%
51Alemanha
90%
20Canadá
90%
58Itália
90%
17Portugal
87%
33Reino Unido
86%
20Austrália
85%
40Índia
84%
18Grécia
73%
15Coreia do Sul
70%
17Polônia
66%
15Suécia
66%
13Suíça
65%
13Peru
63%
19Turquia
60%
15Bélgica
54%
26Irã
54%
16República Tcheca
28%

Distribuição das Pontuações

Percentil de Números Respondidos

Porcentagem de Pessoas com Cada Pontuação

Sua Pontuação Histórica

Você não jogou esse quiz